[Event "7th Staunton Memorial GM"]
[Site "London ENG"]
[Date "2009.08.08"]
[Round "1"]
[White "Trent,L"]
[Black "Wells,P"]
[Result "1/2-1/2"]
[WhiteElo "2471"]
[BlackElo "2498"]
[EventDate "2009.08.08"]

1. e4 e5 2. Nf3 Nc6 3. Bb5 a6 4. Bxc6 dxc6 5. O-O Bd6 6. d4 exd4 7. Qxd4 f6
8. b3 Be6 9. Ba3 Nh6 10. Bxd6 cxd6 11. c4 1/2-1/2

[Event "7th Staunton Memorial GM"]
[Site "London ENG"]
[Date "2009.08.08"]
[Round "1"]
[White "Chapman,T"]
[Black "Wiersma,E"]
[Result "0-1"]
[WhiteElo "2232"]
[BlackElo "2403"]
[EventDate "2009.08.08"]

1. Nf3 f5 2. d3 d6 3. e4 Nf6 4. Nc3 Nc6 5. Bg5 e5 6. Bxf6 Qxf6 7. Nd5 Qd8
8. Nh4 Qxh4 9. Nxc7+ Kd8 10. Nxa8 fxe4 11. g3 Qg5 12. dxe4 Bg4 13. Be2 Bxe2
14. Qxe2 Kc8 15. a4 Kb8 16. a5 Kxa8 17. a6 Qe7 18. O-O Qd7 19. axb7+ Qxb7
20. c3 Be7 21. b4 Bd8 22. Qd3 Bc7 23. Kg2 Rd8 24. Ra4 Bb6 25. Rfa1 Ne7 26.
R4a2 d5 27. Re1 dxe4 28. Qxe4 Nd5 29. Rc2 Rf8 30. f3 Rc8 31. Rd2 Nf6 32.
Qxe5 a6 33. Rde2 Ka7 0-1

[Event "7th Staunton Memorial GM"]
[Site "London ENG"]
[Date "2009.08.08"]
[Round "1"]
[White "Davies,Ni"]
[Black "Williams,Si1"]
[Result "1/2-1/2"]
[WhiteElo "2493"]
[BlackElo "2527"]
[EventDate "2009.08.08"]

1. e4 e6 2. d3 d5 3. f4 c5 4. Be2 b5 5. Nf3 Bb7 6. O-O dxe4 7. dxe4 Qxd1 8.
Rxd1 c4 9. a4 Bc5+ 10. Kf1 Bxe4 11. Nc3 Bxc2 12. Rd2 Bd3 13. Nxb5 Na6 14.
Bxd3 cxd3 15. Rxd3 Nf6 16. Bd2 O-O 17. Rc1 Nd5 18. g3 Rac8 19. Ke2 Rfd8 20.
b3 Bb6 21. Nc3 Ne7 22. Ne4 Nd5 23. Nc3 Ndb4 24. Rxd8+ Rxd8 25. Ne4 Nd3 26.
Rc4 f6 27. a5 Bc5 28. Rc3 f5 29. Rxd3 Rxd3 30. Kxd3 fxe4+ 31. Kxe4 Kf7 32.
Ng5+ Ke7 33. Nxh7 Bg1 34. Be3 Bxe3 35. Kxe3 Nb4 36. Ng5 Nc6 37. a6 Nb4 38.
Kd4 Nxa6 39. Ne4 Nb4 40. h4 Nc2+ 41. Kc5 e5 42. fxe5 Ke6 43. b4 Kxe5 44.
Nc3 Kf5 45. b5 Kg4 46. Ne4 Kf3 47. Nd6 1/2-1/2

[Event "7th Staunton Memorial GM"]
[Site "London ENG"]
[Date "2009.08.08"]
[Round "1"]
[White "Korchnoi,V"]
[Black "Cherniaev,A1"]
[Result "0-1"]
[WhiteElo "2561"]
[BlackElo "2428"]
[EventDate "2009.08.08"]

1. d4 Nf6 2. c4 d6 3. Nc3 e5 4. Nf3 e4 5. Nd2 Qe7 6. Nb3 c6 7. Bg5 Bf5 8.
e3 Nbd7 9. h4 h6 10. Bf4 Qd8 11. Be2 h5 12. d5 c5 13. Nd2 a6 14. a4 Qe7 15.
Qb3 Rb8 16. f3 exf3 17. gxf3 Ne5 18. e4 Bc8 19. Bg5 Qc7 20. Nf1 Nh7 21. Bf4
g6 22. Ne3 Bg7 23. Kd2 O-O 24. Rhg1 Re8 25. Rg2 Qe7 26. Bg3 Kh8 27. f4 Ng4
28. Bxg4 Bxg4 29. Nxg4 hxg4 30. Re1 b5 31. axb5 axb5 32. Nxb5 Nf6 33. Rge2
Nh5 34. e5 dxe5 35. fxe5 Rxb5 36. cxb5 c4 37. Qc3 Qc5 38. d6 Qxb5 39. Bh2
g3 40. Bg1 Rd8 41. Re4 Rxd6+ 42. Rd4 Rc6 43. Ree4 Kh7 44. Rd7 Ra6 45. Ra7
Qd5+ 46. Qd4 Qa5+ 47. Ke2 Rxa7 48. Qxa7 Qb5 49. Qb6 Qa4 50. Qd4 Qa1 51. Rg4
Bxe5 52. Qxc4 Qxb2+ 53. Kd3 Qb7 54. Re4 Qb1+ 55. Kd2 Bg7 56. Be3 g2 57. Rg4
Nf6 58. Rxg2 Ne4+ 59. Ke2 Nc3+ 0-1

[Event "7th Staunton Memorial GM"]
[Site "London ENG"]
[Date "2009.08.09"]
[Round "2"]
[White "Cherniaev,A1"]
[Black "Wiersma,E"]
[Result "1-0"]
[WhiteElo "2428"]
[BlackElo "2403"]
[EventDate "2009.08.08"]

1. d4 f5 2. e4 fxe4 3. Nc3 Nf6 4. Bg5 Nc6 5. d5 Ne5 6. Qe2 c6 7. O-O-O Qa5
8. f4 Nf7 9. Bxf6 gxf6 10. Qxe4 Bg7 11. Nge2 e6 12. f5 O-O 13. fxe6 dxe6
14. dxe6 Ng5 15. Qh4 Nxe6 16. Kb1 Rd8 17. Rxd8+ Qxd8 18. Ng3 Ng5 19. Bc4+
Kh8 20. Nh5 Bf5 21. Qf4 Bg6 22. Nxg7 Kxg7 23. h4 b5 24. Bb3 b4 25. Qxb4 Nf7
26. h5 1-0

[Event "7th Staunton Memorial GM"]
[Site "London ENG"]
[Date "2009.08.09"]
[Round "2"]
[White "Williams,Si1"]
[Black "Hendriks,W"]
[Result "1-0"]
[WhiteElo "2527"]
[BlackElo "2444"]
[EventDate "2009.08.08"]

1. d4 Nf6 2. c4 g6 3. Nc3 Bg7 4. e4 d6 5. f4 O-O 6. Nf3 c5 7. d5 e6 8. e5
dxe5 9. fxe5 Ng4 10. Bg5 Qb6 11. Qd2 Nd7 12. Be2 Ndxe5 13. Nxe5 Nxe5 14.
O-O f6 15. Be3 Qa5 16. a3 Rf7 17. Bf4 Qd8 18. Bxe5 fxe5 19. Rxf7 Kxf7 20.
d6 Bd7 21. Ne4 b6 22. Bg4 Kg8 23. g3 Qe8 24. Rf1 Rd8 25. Qg5 h6 26. Nf6+
Kh8 27. Qd2 Qf7 28. Nd5 Qe8 29. Ne7 e4 30. Qf4 h5 31. Be2 Bc6 32. Qg5 Bd4+
33. Kg2 e3+ 34. Kh3 Rxd6 35. Qh6+ 1-0

[Event "7th Staunton Memorial GM"]
[Site "London ENG"]
[Date "2009.08.09"]
[Round "2"]
[White "Wells,P"]
[Black "Davies,Ni"]
[Result "1-0"]
[WhiteElo "2498"]
[BlackElo "2493"]
[EventDate "2009.08.08"]

1. d4 e6 2. c4 Bb4+ 3. Bd2 Bxd2+ 4. Qxd2 Nf6 5. g3 O-O 6. Bg2 d5 7. Nf3
Nbd7 8. O-O c6 9. Rc1 Qe7 10. Qf4 Re8 11. Nbd2 e5 12. dxe5 Nxe5 13. Nxe5
Qxe5 14. Qxe5 Rxe5 15. cxd5 Nxd5 16. e3 Bg4 17. h3 Be2 18. Nb3 Re7 19. Nd4
Bd3 20. Bxd5 cxd5 21. Rc3 Be4 22. Rac1 g5 23. f3 Bg6 24. Rc8+ Rxc8 25.
Rxc8+ Kg7 26. Kf2 Rd7 27. Ke2 Kf6 28. b4 Bb1 29. a4 a6 30. Kd2 Ba2 31. g4
Bc4 32. Nf5 d4 33. Rxc4 1-0

[Event "7th Staunton Memorial GM"]
[Site "London ENG"]
[Date "2009.08.10"]
[Round "3"]
[White "Chapman,T"]
[Black "Williams,Si1"]
[Result "0-1"]
[WhiteElo "2232"]
[BlackElo "2527"]
[EventDate "2009.08.08"]

1. Nf3 Nc6 2. e4 Nf6 3. e5 Nd5 4. d4 d6 5. c4 Nb6 6. exd6 exd6 7. Be2 Be7
8. O-O Bg4 9. d5 Bxf3 10. Bxf3 Ne5 11. Be2 O-O 12. Nd2 Re8 13. Rb1 a5 14.
f4 Ned7 15. Bd3 Nc5 16. Bc2 Bf6 17. b3 c6 18. Qh5 g6 19. Qf3 cxd5 20. f5
Qe7 21. cxd5 g5 22. Ba3 Nbd7 23. Bxc5 Nxc5 24. Bd3 Qe5 25. Bb5 Qd4+ 26. Rf2
Re3 27. Qh5 Ne4 28. Nxe4 Rxe4 29. Kf1 Qxd5 30. Bc4 Rxc4 31. bxc4 Qd3+ 0-1

[Event "7th Staunton Memorial GM"]
[Site "London ENG"]
[Date "2009.08.10"]
[Round "3"]
[White "Trent,L"]
[Black "Cherniaev,A1"]
[Result "1/2-1/2"]
[WhiteElo "2471"]
[BlackElo "2428"]
[EventDate "2009.08.08"]

1. e4 c5 2. Nf3 Nc6 3. d4 cxd4 4. Nxd4 Nf6 5. Nc3 e5 6. Ndb5 d6 7. Bg5 a6
8. Na3 Be6 9. Nc4 Rc8 10. Ne3 Be7 11. Bxf6 Bxf6 12. Ncd5 Bg5 13. c3 O-O 14.
Bd3 Ne7 15. O-O Bxd5 16. Nxd5 Nxd5 17. exd5 f5 18. Kh1 e4 19. Bc2 Bf4 20.
Qe2 g6 21. Rg1 Be5 22. g3 Kg7 23. Raf1 Rc5 24. f4 exf3 25. Qxf3 Rc8 26. Qe3
Qa5 27. Bb3 Rce8 28. Qd3 Qc5 29. Re1 f4 30. gxf4 Rxf4 31. Bc2 Qf2 32. Re2
Qf3+ 33. Qxf3 Rxf3 34. Kg2 Ref8 35. Rd1 R3f4 36. Kg1 b5 37. a3 a5 38. Be4
b4 39. cxb4 axb4 40. axb4 Rb8 41. b3 Rxb4 42. Bc2 Rf3 43. Kg2 Rc3 44. Rd3
Rxd3 45. Bxd3 Rxb3 46. Ba6 Rc3 47. Bb5 Rc5 48. Bc6 Kf6 49. Rd2 Bf4 50. Rf2
Ke5 51. Re2+ Kd4 52. Kf3 Be5 53. Re4+ Kd3 54. Re3+ Kd2 55. Re2+ Kc3 56.
Re3+ Kb4 57. Re4+ Ka5 58. Ra4+ 1/2-1/2

[Event "7th Staunton Memorial GM"]
[Site "London ENG"]
[Date "2009.08.10"]
[Round "3"]
[White "Davies,Ni"]
[Black "Korchnoi,V"]
[Result "1/2-1/2"]
[WhiteElo "2493"]
[BlackElo "2561"]
[EventDate "2009.08.08"]

1. Nf3 c5 2. e4 e6 3. d3 d5 4. Qe2 Nf6 5. g3 Nc6 6. Bg2 dxe4 7. dxe4 e5 8.
Bg5 Be7 9. Bxf6 Bxf6 10. c3 a6 11. Nbd2 b5 12. Nf1 O-O 13. Ne3 Ne7 14. h4
Ra7 15. Nh2 g6 16. O-O Rd7 17. Rfd1 Rxd1+ 18. Rxd1 Qa5 19. a3 Rd8 20. Nhf1
c4 21. Kh2 Qc7 22. Bh3 Bb7 23. f3 Bg7 24. Kg1 Nc8 25. a4 Nb6 26. axb5 axb5
27. Rxd8+ Qxd8 28. Qd2 Qxd2 29. Nxd2 Bh6 30. Kf2 Na4 31. Bd7 Nxb2 32. Nb1
Nd3+ 33. Ke2 Bxe3 34. Kxe3 Ba6 35. Na3 b4 36. cxb4 Nxb4 37. Kd2 Nd3 38. Bb5
Bxb5 39. Nxb5 Nc5 40. Kc3 Nb3 41. f4 Nc5 42. Nd6 exf4 43. gxf4 Nd3 44. f5
Ne5 45. Nxc4 Nf3 46. h5 gxh5 47. Kd3 h4 48. Ke3 Ne1 49. Kf2 h3 50. Kg3
1/2-1/2

[Event "7th Staunton Memorial GM"]
[Site "London ENG"]
[Date "2009.08.11"]
[Round "4"]
[White "Trent,L"]
[Black "Davies,Ni"]
[Result "0-1"]
[WhiteElo "2471"]
[BlackElo "2493"]
[EventDate "2009.08.08"]

1. e4 e6 2. d4 d5 3. Nc3 Be7 4. Nf3 Nf6 5. e5 Ne4 6. Bd3 Nxc3 7. bxc3 c5 8.
h4 h6 9. Rh3 Nc6 10. dxc5 Bxc5 11. Kf1 Bd7 12. Rb1 Qc7 13. Qe2 O-O-O 14.
Bd2 f6 15. exf6 gxf6 16. c4 Rhg8 17. h5 e5 18. cxd5 Bxh3 19. gxh3 Ne7 20.
c4 Qd7 21. Ba5 b6 22. Rb5 Qxh3+ 23. Ke1 Qh1+ 24. Kd2 Bxf2 25. Rb1 Qg2 26.
Bb4 Bc5 27. Bxc5 bxc5 28. Rb5 Kd7 29. Rb7+ Kd6 30. Rxa7 Ra8 31. Rxa8 Qxe2+
32. Kxe2 Rxa8 33. Bb1 f5 34. Nh4 e4 35. Ng2 Ke5 36. Ne3 Nc8 0-1

[Event "7th Staunton Memorial GM"]
[Site "London ENG"]
[Date "2009.08.11"]
[Round "4"]
[White "Williams,Si1"]
[Black "Wiersma,E"]
[Result "1/2-1/2"]
[WhiteElo "2527"]
[BlackElo "2403"]
[EventDate "2009.08.08"]

1. d4 f5 2. Nf3 Nf6 3. Bg5 e6 4. Nbd2 Be7 5. Bxf6 Bxf6 6. e4 d5 7. exf5
exf5 8. Bd3 O-O 9. O-O Nc6 10. c3 Qd6 11. Qc2 Bd7 12. Rfe1 g6 13. b4 Rae8
14. Nb3 b6 15. Qd2 Nd8 16. Rxe8 Rxe8 17. a4 Nf7 18. a5 Kg7 19. Re1 Rxe1+
20. Qxe1 Ba4 21. axb6 axb6 22. Nc1 c5 23. bxc5 bxc5 24. Ne2 c4 25. Bb1 Ng5
26. Nxg5 Bxg5 27. g3 f4 28. gxf4 1/2-1/2

[Event "7th Staunton Memorial GM"]
[Site "London ENG"]
[Date "2009.08.11"]
[Round "4"]
[White "Korchnoi,V"]
[Black "Hendriks,W"]
[Result "0-1"]
[WhiteElo "2561"]
[BlackElo "2444"]
[EventDate "2009.08.08"]

1. d4 Nf6 2. c4 g6 3. Nc3 Bg7 4. e4 d6 5. f3 O-O 6. Nge2 c5 7. d5 e6 8. Ng3
exd5 9. cxd5 Na6 10. Be2 Nc7 11. a4 a6 12. Bg5 h6 13. Be3 Nh7 14. Qd2 h5
15. Bh6 Bd7 16. Bxg7 Kxg7 17. O-O b5 18. b3 Qf6 19. Rad1 h4 20. Nh1 bxa4
21. bxa4 Rab8 22. f4 Rb4 23. Qe3 Bxa4 24. e5 dxe5 25. fxe5 Qg5 26. Qxg5
Nxg5 27. Ra1 Bb5 28. Bxb5 Nxb5 29. Na4 Rd4 30. d6 Re8 31. Rfe1 Nxd6 32.
Nxc5 Nf5 33. Nf2 Rd5 34. Ncd3 a5 35. Ra4 Red8 36. Nb2 Rc8 37. Rg4 Ne6 38.
Nc4 Rcc5 39. Ra1 Rd4 40. Nxa5 Rxe5 41. Nc6 Rxg4 42. Nxe5 Rb4 43. Nfd3 Rb7
44. Kf2 Ng5 45. Ra4 Rc7 46. Ne1 Rb7 47. N1d3 h3 48. gxh3 Nxh3+ 49. Kf3 Ng5+
50. Kg4 Ne6 51. Ra6 Nh6+ 52. Kf3 Rb1 53. Ra7 Rf1+ 54. Kg2 Rd1 55. Ra2 Nf5
56. Kf2 Ng5 57. Ke2 Rh1 58. Nf3 Ne4 59. Rc2 Ra1 60. Nf2 Ned6 61. Nh3 f6 62.
Nf2 g5 63. Ng4 Ra4 64. h3 Kg6 65. Rc6 Ng3+ 66. Kd1 Nge4 67. Ke2 Ra2+ 68.
Ke3 Ra3+ 69. Ke2 Ng3+ 70. Kf2 Nde4+ 71. Kg2 Ra2+ 72. Kg1 Ne2+ 73. Kf1 Nf4
74. Nge5+ Kf5 75. Nc4 Rf2+ 0-1

[Event "7th Staunton Memorial GM"]
[Site "London ENG"]
[Date "2009.08.11"]
[Round "4"]
[White "Wells,P"]
[Black "Chapman,T"]
[Result "1-0"]
[WhiteElo "2498"]
[BlackElo "2232"]
[EventDate "2009.08.08"]

1. Nf3 Nf6 2. d4 c5 3. d5 b5 4. Bg5 d6 5. Bxf6 exf6 6. e4 a6 7. a4 b4 8.
Bd3 g6 9. Nbd2 Bg7 10. Nc4 a5 11. O-O O-O 12. Nfd2 Bb7 13. Qg4 f5 14. exf5
Bxd5 15. Be4 Bxe4 16. Nxe4 d5 17. Rad1 Bd4 18. c3 bxc3 19. bxc3 dxc4 20.
cxd4 cxd4 21. f6 d3 22. Nc3 Qc8 23. Qh4 Kh8 24. Qh6 Rg8 25. Ne4 g5 26. Nxg5
Rxg5 27. Qxg5 Qg8 28. Qc1 Nc6 29. Qxc4 Nb4 30. Rfe1 Qg6 31. Qe4 Qxe4 32.
Rxe4 h6 33. Kf1 Kh7 34. Rg4 Kh8 35. Rg7 Nd5 36. Rxd3 Nxf6 37. Rxf7 1-0

[Event "7th Staunton Memorial GM"]
[Site "London ENG"]
[Date "2009.08.12"]
[Round "5"]
[White "Hendriks,W"]
[Black "Trent,L"]
[Result "1-0"]
[WhiteElo "2444"]
[BlackElo "2471"]
[EventDate "2009.08.08"]

1. e4 c5 2. Nf3 d6 3. Bb5+ Nd7 4. d4 cxd4 5. Qxd4 a6 6. Bxd7+ Bxd7 7. O-O
Rc8 8. c4 Qc7 9. b3 b5 10. Bg5 h6 11. Bh4 Qc5 12. Qb2 bxc4 13. Rc1 Qb4 14.
Nc3 e6 15. Qd2 Be7 16. Bxe7 Nxe7 17. bxc4 Rxc4 18. Rab1 Qc5 19. Nd1 Nc8 20.
Ne3 Rxc1+ 21. Rxc1 Qa7 22. Qa5 O-O 23. Rc7 Qb6 24. Qxb6 Nxb6 25. Rb7 Rc8
26. Rxb6 Rc1+ 27. Nf1 Bb5 28. N3d2 d5 29. exd5 exd5 30. a4 Bd3 31. Rd6 Rc5
32. Ne3 Rc1+ 33. Ndf1 Ra1 34. Rxd5 Bxf1 35. Nxf1 Rxa4 36. g3 Ra1 37. Kg2 a5
38. Ne3 a4 39. Ra5 g6 40. Nd5 Kg7 41. Nb6 a3 42. Nc4 a2 43. Ne3 h5 44. h4
1-0

[Event "7th Staunton Memorial GM"]
[Site "London ENG"]
[Date "2009.08.12"]
[Round "5"]
[White "Davies,Ni"]
[Black "Cherniaev,A1"]
[Result "1/2-1/2"]
[WhiteElo "2493"]
[BlackElo "2428"]
[EventDate "2009.08.08"]

1. c4 e5 2. g3 c6 3. d4 e4 4. Nc3 d5 5. f3 f5 6. cxd5 cxd5 7. Qb3 Nc6 8.
Qxd5 Qxd5 9. Nxd5 Nxd4 10. Kf2 Ne6 11. Bg2 exf3 12. Nxf3 Ne7 13. Rd1 Nxd5
14. Rxd5 Bc5+ 15. Be3 Bxe3+ 16. Kxe3 O-O 17. Rc1 Rb8 18. Ne5 f4+ 19. Kd2
fxg3 20. hxg3 Re8 21. Rd6 Nf8 22. Rxc8 Rbxc8 23. Bd5+ Kh8 24. Nf7+ Kg8 25.
Ng5+ Kh8 26. Nf7+ Kg8 27. Rd8 Rc5 28. Nh6+ Kh8 29. Nf7+ Kg8 30. Nh6+ Kh8
31. Rxe8 Rxd5+ 32. Ke3 gxh6 33. Rxf8+ Kg7 34. Rc8 Rb5 35. b3 Re5+ 36. Kf3
Re7 37. e4 Kf6 38. Kf4 Ke6 39. Rf8 Rd7 40. Re8+ Kf7 41. Rh8 Ke6 42. Re8+
Kf7 43. Ra8 a6 44. Kf5 Rd2 45. Rb8 Rf2+ 46. Ke5 b5 47. Rb7+ Kg8 48. a4 bxa4
49. bxa4 h5 50. Rb6 Rf3 51. Rxa6 Rxg3 52. Kf4 h4 53. Ra8+ 1/2-1/2

[Event "7th Staunton Memorial GM"]
[Site "London ENG"]
[Date "2009.08.13"]
[Round "6"]
[White "Trent,L"]
[Black "Chapman,T"]
[Result "0-1"]
[WhiteElo "2471"]
[BlackElo "2232"]
[EventDate "2009.08.08"]

1. e4 d6 2. Nc3 Nf6 3. f4 c6 4. Nf3 Qa5 5. e5 Nd5 6. d4 Bg4 7. Bd2 Qb6 8.
Na4 Bxf3 9. Nxb6 Bxd1 10. Nxd5 cxd5 11. Rxd1 Nc6 12. c3 e6 13. Bd3 g6 14.
O-O h5 15. Be3 Kd7 16. b3 a6 17. c4 Nb4 18. Bb1 Bh6 19. a3 Nc6 20. cxd5
exd5 21. b4 Ne7 22. Ba2 Rac8 23. Rd3 Rc6 24. b5 axb5 25. Bd2 Rhc8 26. Bb3
Rc4 27. Bxc4 dxc4 28. Rh3 Nf5 29. exd6 Kxd6 30. Rb1 Nxd4 31. Rd1 Kc6 32. g4
Ne2+ 33. Kf1 Nxf4 34. Bxf4 Bxf4 35. gxh5 gxh5 36. a4 f5 37. Rh4 Be3 38. Ke2
f4 39. axb5+ Kxb5 40. Rxh5+ Kc6 41. Rh6+ Kc5 42. Rb1 Kd4 43. Rh5 c3 44.
Rb4+ Rc4 45. Rxc4+ Kxc4 46. Rh7 b6 47. Rc7+ Kb3 48. Kd3 Bc5 0-1

[Event "7th Staunton Memorial GM"]
[Site "London ENG"]
[Date "2009.08.13"]
[Round "6"]
[White "Davies,Ni"]
[Black "Hendriks,W"]
[Result "1-0"]
[WhiteElo "2493"]
[BlackElo "2444"]
[EventDate "2009.08.08"]

1. g3 c5 2. Bg2 g6 3. e4 Bg7 4. f4 Nc6 5. Nf3 d6 6. O-O Nf6 7. d3 O-O 8.
Nc3 Rb8 9. h3 b5 10. g4 b4 11. Ne2 a5 12. Rb1 c4 13. Be3 Ba6 14. Rf2 b3 15.
axb3 cxd3 16. cxd3 Nb4 17. Ne1 Rc8 18. f5 Qc7 19. Qd2 Qb8 20. Ra1 Nc6 21.
Bh6 Qxb3 22. Bxg7 Kxg7 23. Ng3 Qb6 24. Kh2 Nb4 25. d4 Rc4 26. Rd1 Bb7 27.
g5 Nd7 28. f6+ exf6 29. gxf6+ Kh8 30. Qh6 Rg8 31. Nf3 Nf8 32. Ng5 Qc7 33.
Rf4 Rc2 34. Rg1 1-0

[Event "7th Staunton Memorial GM"]
[Site "London ENG"]
[Date "2009.08.13"]
[Round "6"]
[White "Cherniaev,A1"]
[Black "Williams,Si1"]
[Result "1-0"]
[WhiteElo "2428"]
[BlackElo "2527"]
[EventDate "2009.08.08"]

1. e4 e6 2. d4 d5 3. exd5 exd5 4. Nf3 Bg4 5. h3 Bh5 6. Qe2+ Be7 7. Qb5+ Nd7
8. Qxd5 Ngf6 9. Qb3 c5 10. Be2 O-O 11. c3 Bd6 12. Be3 Re8 13. Nbd2 Rxe3 14.
fxe3 Qe7 15. O-O-O Qxe3 16. Bb5 Bg6 17. Rde1 Qf4 18. Rhf1 cxd4 19. Ne5 Qxe5
20. Rxe5 Bxe5 21. Bxd7 Nxd7 22. Qd5 Rd8 23. cxd4 Bf6 24. Rxf6 Rc8+ 25. Kd1
Nxf6 26. Qxb7 Bc2+ 27. Ke2 Re8+ 28. Kf2 Bd3 29. Qb3 Ba6 30. Nc4 Ne4+ 31.
Kg1 h5 32. Ne5 Re6 33. Qf3 Nf6 34. Qa8+ Kh7 35. Qxa7 Rd6 36. a4 Ne4 37.
Qxf7 Ng3 38. Nd7 Bd3 39. Kf2 Ne4+ 40. Ke3 Bc2 41. Qxh5+ Kg8 42. Qe8+ Kh7
43. Nf8+ Kh6 44. g4 Nf6 1-0

[Event "7th Staunton Memorial GM"]
[Site "London ENG"]
[Date "2009.08.14"]
[Round "7"]
[White "Hendriks,W"]
[Black "Cherniaev,A1"]
[Result "1/2-1/2"]
[WhiteElo "2444"]
[BlackElo "2428"]
[EventDate "2009.08.08"]

1. e4 e5 2. Bc4 Nf6 3. d3 Nc6 4. Nf3 h6 5. O-O d6 6. c3 Qe7 7. Re1 g6 8.
Nbd2 Bg7 9. d4 Nd7 10. Nf1 O-O 11. Ne3 Nb6 12. Bb3 Qf6 13. Nd5 Qd8 14. dxe5
Nxe5 15. Nxe5 dxe5 16. Be3 Nd7 17. a4 c6 18. Nb4 a5 19. Nd3 Qe7 20. Bc4 Kh7
21. Qb3 h5 22. f3 Bh6 23. Bf2 Bg5 24. Qc2 Bh4 25. g3 Bf6 26. b4 h4 27. Nc5
Kg7 28. Rad1 hxg3 29. hxg3 Rh8 30. Kg2 Nb6 31. Bf1 Rh7 32. Kg1 Qc7 33. Be3
Nd7 34. Nd3 Nb6 35. Nc5 Nd7 1/2-1/2

[Event "7th Staunton Memorial GM"]
[Site "London ENG"]
[Date "2009.08.14"]
[Round "7"]
[White "Chapman,T"]
[Black "Davies,Ni"]
[Result "0-1"]
[WhiteElo "2232"]
[BlackElo "2493"]
[EventDate "2009.08.08"]

1. Nf3 Nf6 2. c4 e6 3. g3 a6 4. Bg2 b5 5. b3 Bb7 6. O-O c5 7. Nc3 Qb6 8. e3
Be7 9. Qe2 O-O 10. Rd1 b4 11. Na4 Qc7 12. d4 d6 13. dxc5 dxc5 14. Bb2 Nbd7
15. Ne1 Bxg2 16. Nxg2 Rad8 17. a3 a5 18. axb4 axb4 19. Nf4 g6 20. Nd3 e5
21. e4 Nh5 22. Rf1 Rfe8 23. Rae1 Bd6 24. Qe3 Rc8 25. f4 exf4 26. gxf4 f5
27. e5 Bf8 28. Re2 Ng7 29. Rd1 Ne6 30. h4 Be7 31. Qh3 Ndf8 32. h5 Rcd8 33.
Rdd2 Rxd3 34. Qxd3 Nxf4 35. Qf3 Nxe2+ 36. Rxe2 Rd8 37. hxg6 hxg6 38. e6 Qd6
39. Qh3 Nh7 40. Be5 Qxe6 41. Nb2 Bf6 42. Nd3 Ng5 43. Qg3 Bxe5 44. Nxe5 Qf6
45. Ra2 f4 46. Ra6 Rd1+ 47. Kg2 Rd2+ 48. Kh1 Qh8+ 0-1

[Event "7th Staunton Memorial GM"]
[Site "London ENG"]
[Date "2009.08.14"]
[Round "7"]
[White "Williams,Si1"]
[Black "Wells,P"]
[Result "1-0"]
[WhiteElo "2527"]
[BlackElo "2498"]
[EventDate "2009.08.08"]

1. d4 Nf6 2. c4 e6 3. Nf3 b6 4. g3 Bb7 5. Bg2 Be7 6. O-O O-O 7. Re1 Na6 8.
Ne5 d5 9. cxd5 exd5 10. Nc3 c5 11. Bf4 Re8 12. e3 h6 13. h4 Nc7 14. Ng4 Ne6
15. dxc5 Nxc5 16. Be5 Nxg4 17. Qxg4 Bf8 18. Bd4 Ne4 19. Rad1 Qc8 20. Qh5
Qe6 21. Ne2 g6 22. Qf3 Bb4 23. Nf4 Bxe1 24. Nxe6 Bxf2+ 25. Kh1 Rxe6 26. Qf4
Bxg3 27. Qxh6 Be5 28. Bxe4 dxe4 29. Qg5 Rae8 30. Bxe5 Rxe5 31. Rd8 Rxd8 32.
Qxd8+ Kg7 33. Qc7 Ra5 34. Qxb7 Rxa2 35. Qxe4 Ra5 36. Qd4+ Kg8 37. e4 Rh5
38. Kg2 1-0

[Event "7th Staunton Memorial GM"]
[Site "London ENG"]
[Date "2009.08.16"]
[Round "8"]
[White "Davies,Ni"]
[Black "Wiersma,E"]
[Result "1/2-1/2"]
[WhiteElo "2493"]
[BlackElo "2403"]
[EventDate "2009.08.08"]

1. g3 g6 2. Bg2 Bg7 3. e4 c5 4. f4 Nc6 5. Nf3 e6 6. O-O Nge7 7. c3 O-O 8.
Na3 b6 9. d4 cxd4 10. cxd4 f5 11. e5 Ba6 12. Re1 b5 13. Nc2 Rc8 14. Nd2 Na5
15. b3 Bb7 16. Ba3 Bxg2 17. Kxg2 Re8 18. Ne3 Nb7 19. Nf3 d5 20. Qd2 1/2-1/2

[Event "7th Staunton Memorial GM"]
[Site "London ENG"]
[Date "2009.08.16"]
[Round "8"]
[White "Hendriks,W"]
[Black "Chapman,T"]
[Result "1-0"]
[WhiteElo "2444"]
[BlackElo "2232"]
[EventDate "2009.08.08"]

1. e4 d6 2. d4 Nf6 3. Nc3 g6 4. Bg5 Bg7 5. Qd2 h6 6. Bh4 g5 7. Bg3 Nh5 8.
O-O-O Nd7 9. e5 Nxg3 10. hxg3 dxe5 11. dxe5 Bxe5 12. f4 gxf4 13. gxf4 Bg7
14. Rh3 c6 15. Rd3 Qc7 16. Nge2 b5 17. Kb1 b4 18. Ne4 c5 19. N2g3 c4 20.
Re3 Bxb2 21. Nd6+ Kf8 22. Nxc8 Qxf4 23. Qxd7 Qxe3 24. Nf5 1-0

[Event "7th Staunton Memorial GM"]
[Site "London ENG"]
[Date "2009.08.17"]
[Round "9"]
[White "Wiersma,E"]
[Black "Hendriks,W"]
[Result "1/2-1/2"]
[WhiteElo "2403"]
[BlackElo "2444"]
[EventDate "2009.08.08"]

1. d4 c5 2. d5 e6 3. c4 exd5 4. cxd5 d6 5. Nc3 g6 6. Nf3 Bg7 7. Nd2 a6 8.
a4 Nd7 9. e4 Ne7 10. Be2 O-O 11. O-O f5 12. exf5 Nxf5 13. Nde4 Ne5 14. f4
Nf7 15. Kh1 b6 16. Bc4 Nd4 17. Qd3 Qh4 18. Bd2 1/2-1/2